| 000 | 01065cam a22002651 4500 | ||
|---|---|---|---|
| 001 | 9375413 | ||
| 005 | 20050719183852.0 | ||
| 008 | 720919s1962 nyu j b 00| 0 eng d | ||
| 010 | _a 62012330 | ||
| 035 | _a(OCoLC)408824 | ||
| 040 |
_aDLC _cODaWU _dOCoLC _dICIU _dDLC |
||
| 042 | _apremarc | ||
| 082 |
_a327.7305694 _bSTE _222 |
||
| 100 | 1 |
_aStevens, Richard P., _d1931- _910158 |
|
| 245 | 1 | 0 |
_aAmerican Zionism and U.S. Foreign Policy, 1942-1947/ _cby Richard P. Stevens |
| 260 |
_aNew York: _bPageant Press, _c1962 |
||
| 300 |
_axxi, 227 p.; _c21 cm. |
||
| 500 | _aDonated by: Alaa Abdel Ghany | ||
| 504 | _aBibliography: p. 220-227. | ||
| 650 | 0 |
_aZionism _zUnited States. _910159 |
|
| 651 | 0 |
_aUnited States _xForeign relations _zPalestine. _910160 |
|
| 651 | 0 |
_aUnited States _x--Foreign relations _z--Israel _910189 |
|
| 942 |
_2ddc _cBB |
||
| 999 |
_c13083 _d13083 |
||